000 00429nam a2200169Ia 4500
005 20250203015059.0
008 240331s9999 xx 000 0 und d
082 _bJAY
_2360
_a305.4
100 _aJayawardena, K
245 0 _aFeminism in Sri Lanka in the Decade, 1975-1985
260 _aColombo
_bWomen's Education Centre
_c1986
300 _a46 p.,
650 _aFeminism
650 _aWomen
650 _aSociety
942 _cL
999 _c1666
_d1666